Taio haikus /

में बचाया:
ग्रंथसूची विवरण
मुख्य लेखक: Palma Gris, Araceli
स्वरूप: इलेक्ट्रोनिक ई-पुस्तक
भाषा:स्पेनिश
प्रकाशित: Barcelona : Ediciones Carena, 2005.
श्रृंखला:Poesía (Editorial Carena)
Digitalia eBook Collection: Ediciones Carena.
विषय:
ऑनलाइन पहुंच:Digitalia Hispánica
टैग: टैग जोड़ें
कोई टैग नहीं, इस रिकॉर्ड को टैग करने वाले पहले व्यक्ति बनें!

MARC

LEADER 00000nam a2200000Ia 4500
001 DIGCAR0403
003 NyNyDIG
006 m d
007 cr |||||||||||
008 130101s2005 sp o 000 p spa d
020 |a 9788496357440 (electronic bk.) 
020 |a 8496357449 (electronic bk.) 
020 |z 8496357236 (pbk.) 
020 |z 9788496357235 (pbk.) 
040 |a DGITA  |b eng  |e pn  |c DGITA 
050 4 |a PQ6666.A397 ebook 
100 1 |a Palma Gris, Araceli. 
245 1 0 |a Taio   |h [electronic resource] :  |b haikus /  |c Araceli Palma-Gris. 
260 |a Barcelona :  |b Ediciones Carena,  |c 2005.   |e (New York, NY. :  |f Digitalia Inc,   |g 2012). 
300 |a 1 online resource (69 p.) 
490 1 |a Ediciones Carena poesía. 
506 |a Access restricted to subscribing institutions. 
655 0 |a Electronic books. 
791 2 |a Digitalia (Firm),  |e distributor. 
830 0 |a Poesía (Editorial Carena) 
830 0 |a Digitalia eBook Collection: Ediciones Carena. 
856 4 0 |3 Digitalia Hispánica  |u https://digitalia.unach.elogim.com/a/855/